Industrial hydraulics (Record no. 7178)

000 -LEADER
fixed length control field 00551nam a2200205 i 4500
001 - CONTROL NUMBER
control field 7178
003 - CONTROL NUMBER IDENTIFIER
control field BD-DhUET
008 - FIXED-LENGTH DATA ELEMENTS--GENERAL INFORMATION
fixed length control field 780705s1979 nyua 001 0 eng
020 ## - INTERNATIONAL STANDARD BOOK NUMBER
International Standard Book Number 070664773
040 ## - CATALOGING SOURCE
Original cataloging agency DLC
Transcribing agency DLC
Modifying agency BD-DhUET
082 00 - DEWEY DECIMAL CLASSIFICATION NUMBER
Classification number 621.2
Item number PIP/1980
100 1# - MAIN ENTRY--PERSONAL NAME
Personal name Pippenger, John J.
245 10 - TITLE STATEMENT
Title Industrial hydraulics
Statement of responsibility, etc. by John J. Pippenger and Tyler G. Hicks
250 ## - EDITION STATEMENT
Edition statement 3d ed.
260 ## - PUBLICATION, DISTRIBUTION, ETC. (IMPRINT)
Place of publication, distribution, etc. New York
Name of publisher, distributor, etc. McGraw-Hill
Date of publication, distribution, etc. 1980
300 ## - PHYSICAL DESCRIPTION
Extent vi, 440 p.
Other physical details ill.
Dimensions 25 cm.
650 #0 - SUBJECT ADDED ENTRY--TOPICAL TERM
Topical term or geographic name as entry element Hydraulic machinery
700 ## - ADDED ENTRY--PERSONAL NAME
Personal name Hicks, Tyler G.
942 ## - ADDED ENTRY ELEMENTS (KOHA)
Koha item type General Book
Holdings
Price effective from Lost status Copy number Damaged status Koha normalized classification for sorting Koha full call number Koha date last seen Not for loan Source of classification or shelving scheme Koha item type Withdrawn status Sublocation or collection (holding branch) Date acquired Piece designation (barcode) Shelving location Location (home branch)
2014-12-07 4 621_200000000000000_PIP1980621.2 /PIP/19802014-12-07  Contented Book  Central Library, BUET2014-12-0759770Circulation sectionCentral Library, BUET
2014-12-07 5 621_200000000000000_PIP1980621.2 /PIP/19802014-12-07  Contented Book  Central Library, BUET2014-12-0759771Circulation sectionCentral Library, BUET
2014-12-07 6 621_200000000000000_PIP1980621.2 /PIP/19802014-12-07  Contented Book  Central Library, BUET2014-12-0759772Circulation sectionCentral Library, BUET
2014-12-07 1 621_200000000000000_PIP1980621.2 /PIP/19802014-12-07  Contented Book  Central Library, BUET2014-12-0756769Circulation sectionCentral Library, BUET
2014-12-07 7 621_200000000000000_PIP1980621.2 /PIP/19802014-12-07  Contented Book  Central Library, BUET2014-12-0759773Circulation sectionCentral Library, BUET
2014-12-07 10 621_200000000000000_PIP1980621.2 /PIP/19802014-12-07  Contented Book  Central Library, BUET2014-12-0759776Circulation sectionCentral Library, BUET
2014-12-07 2 621_200000000000000_PIP1980621.2 /PIP/19802014-12-07  Contented Book  Central Library, BUET2014-12-0756770Circulation sectionCentral Library, BUET
2014-12-07 9 621_200000000000000_PIP1980621.2 /PIP/19802014-12-07  Contented Book  Central Library, BUET2014-12-0759775Circulation sectionCentral Library, BUET
2014-12-07 9 621_200000000000000_PIP1980621.2 /PIP/19802014-12-07  Contented Book  Central Library, BUET2014-12-0759769Circulation sectionCentral Library, BUET
2014-12-07 11 621_200000000000000_PIP1980621.2 /PIP/19802014-12-07  Contented Book  Central Library, BUET2014-12-0759777Circulation sectionCentral Library, BUET
2015-06-16 12 621_200000000000000_PIP_1980621.2/PIP/19802015-06-16  Reading Item Central Library, BUET2015-06-1659778Reading sectionCentral Library, BUET